00872nam a2200193 u 450000100100000000500170001000800410002702000150006804000250008310000350010824500750014326000360021830000210025450000550027595201190033095201040044995201100055399900150066300000503120240305132132.0090729s2001 dr r 001 0 spa d a9993402273 aDO-SdBNPbspacBNPHU1 aMedina, Oquendo,d1955-91449310aCompromiso social :brecopilación de artículos. /cOquendo Medina. aSanto Domingo :bCocolo,c2001. a189 p. ;c22 cm. aIncluye datos biográficos del autor en la solapa 001054708DSaGRbGRcHDd2013-06-21iLF1l0o p5031-30r2020-06-25te. 3w2020-06-25yLFDSZPréstamo en sala 0010718PDaPDbPDcHDd2009-07-29iLF1l0o p5031-10r2020-06-25w2020-06-25yLFPDZNo se presta 0010718PDaPDbPDcHDd2009-07-29iLF1l0o p5031-20r2020-06-25te. 2w2020-06-25yLFPDZNo se presta c4836d4836